000 00745nam a22002297a 4500
999 _c3713
_d3713
003 OSt
005 20240927075453.0
008 240927b ||||| |||| 00| 0 eng d
020 _a9781406360202
040 _cKH8
082 _aFIC HOR
100 _aHorowitz, Anthony,
_eauthor.
245 _aAlex Rider:
_bPoint Blanc /
_cAnthony Horowitz.
260 _aLondon;
_bWalker Books,
_c2015.
300 _a273 pages :
_c20 cm.
440 _aAlex Rider
_v2
520 _aFourteen-year-old Alex continues his work as a spy for the British MI6, investigating an exclusive school for boys in the French Alps.
650 _a Action and adventure fiction
650 _aGreat Britain. MI6 Juvenile fiction
650 _aSpy stories
942 _2ddc
_cFIC